Scottish Monarchs Quiz - Statistics

General Stats
  • This quiz has been taken 167 times
  • The average score is 12 of 25
Answer Stats
# Name % Correct
? James
97%
? Mary
91%
? William
90%
? Charles
84%
? Robert
81%
? Anne
74%
? John
69%
? Macbeth
61%
? Duncan
60%
? Malcolm
56%
? David
52%
? Donald
45%
? Alexander
44%
? Constantine
44%
? Kenneth
38%
? Margaret
31%
? Edgar
23%
? Lulach
21%
? Áed
20%
? Dub
20%
? Giric
16%
? Indulf
13%
? Eochaid
11%
? Amlaíb
9%
? Cuilén
7%
No matching quizzes found
Score Distribution
Percent of People with Each Score
Percentile by Number Answered
Your Score History
You have not taken this quiz